Statistics for Every Marker In Find the Markers

Click here to take the quiz!

General Stats

  • This quiz has been taken 10 times
  • The average score is 84 of 246

Answer Stats

Answer% Correct
Ball
100%
Blue
100%
Green
100%
Purple
100%
Red
100%
Bee
83%
Danger
83%
Difficulty Chart
83%
Orange
83%
Yellow
83%
90-Degree
67%
Baby
67%
Battery
67%
Beige
67%
Black
67%
Brown
67%
Crayon
67%
Fire
67%
Forbidden
67%
Ghost
67%
Goat
67%
Khaki
67%
Leaf
67%
Marker
67%
Pink
67%
Santa
67%
Time
67%
Time Rune
67%
Zombie
67%
Anniversary
50%
Archer
50%
Box
50%
Brick
50%
Cactus
50%
Camo
50%
Carpet
50%
Cheese
50%
Chicken
50%
Cloud
50%
Clover
50%
Coral
50%
Cork
50%
Cowboy
50%
Cyan
50%
Dark Green
50%
Devil
50%
Evil
50%
Fisher
50%
Flower
50%
Foliage
50%
Glitch
50%
Grass
50%
King
50%
Lavender
50%
Lime
50%
Lucky
50%
Magenta
50%
Maroon
50%
Marshmallow
50%
Noob
50%
Obby
50%
Olive
50%
Permanent
50%
Persimmon
50%
Pinata
50%
Quartz
50%
Rainbow
50%
Reindeer
50%
Rock
50%
Salmon
50%
Serenity
50%
Smoke
50%
Stack
50%
Star
50%
Supernova
50%
Tan
50%
Tied
50%
Triple
50%
White
50%
Wild
50%
Zen
50%
Alien
33%
Alternate
33%
Atomic
33%
Aurora
33%
Balloon
33%
Bendy Straw
33%
Bluegrass
33%
Bone
33%
Candy Cane
33%
Capless
33%
Ceramic
33%
Chocolate
33%
Chomik
33%
Christmas Cookie
33%
Cobweb
33%
Cornbread
33%
Couch
33%
Crystal
33%
Dirt
33%
Dragon
33%
Dropout
33%
Dummy
33%
Ecosystem
33%
Explode
33%
Firefly
33%
Fishbowl
33%
Frozen
33%
Gingerbread
33%
Golden
33%
Gray
33%
Greedy
33%
Gummy
33%
Ivory
33%
Jawbreaker
33%
Jumpscare
33%
Killbrick
33%
Knight
33%
Lightbulb
33%
Liquid
33%
Lollipop
33%
Malding
33%
Marker for the Black Baseplate
33%
Markerseed the Fallen
33%
Merchant
33%
Milk & Cookies
33%
Mimic
33%
Mud
33%
Oil
33%
Old
33%
Pebble
33%
Periwinkle
33%
Plasma
33%
Polka-Dot
33%
Potion
33%
Princess
33%
Quest
33%
Rocket
33%
Runner
33%
Rust
33%
Security
33%
Ski
33%
Skydiving
33%
Snow
33%
Snowman
33%
Space
33%
Sunlight
33%
Sus
33%
Sweet Dream
33%
Temple
33%
Thief
33%
Torch
33%
Transparent
33%
Tree Sap
33%
Vitellary
33%
Wassail
33%
Water
33%
Wood
33%
Xanwood
33%
Atmosphere
17%
BFDI
17%
Big Orange
17%
Bioluminescent
17%
Bluish Gray
17%
Burning
17%
Capless Marker's Cap
17%
Catzo
17%
Cough Drop
17%
Dark Markey
17%
Error
17%
Excalibur
17%
Fallen Log
17%
Feta Cheese
17%
Flamingo
17%
Flan
17%
Forgor
17%
Hammer
17%
Ice
17%
Inverted
17%
Lava Jump
17%
Lilypad
17%
Marker Deleted
17%
Martian
17%
Medium Stone Grey
17%
Mint
17%
Missing Texture
17%
Moonstone
17%
Mushroom
17%
Navy
17%
Nebula
17%
Oopsie
17%
Paper
17%
Pheonix
17%
Pine Tree
17%
Plaid
17%
Platinum
17%
Poopy Blocky
17%
Popsicle
17%
Primrose
17%
Quagmire
17%
Quicksand
17%
Quicksilver
17%
Realistic
17%
Sand
17%
Sandstorm
17%
Skinny
17%
Spider
17%
Static
17%
Strawberry
17%
Sunburnt
17%
Technical
17%
Teenage Mutant Ninja
17%
Tip Jar
17%
Triple-Scoop
17%
Viridian
17%
Void
17%
Waterfall
17%
Winning
17%
Black Hole
0%
Bubble Bath
0%
Cinnamon
0%
Cobblestone
0%
Comet
0%
Flytrap
0%
Gilded
0%
Hot Cocoa
0%
Industrail
0%
Licorice
0%
Magenta Void
0%
Magma
0%
Markerpliar
0%
MEGA
0%
Peppermint
0%
Popcorn's Left Leg
0%
Rainbow Road
0%
Rockslide
0%
Salted Caramel
0%
Settings
0%
Shadow
0%
Stardust
0%
Stracciatella
0%
Stromy
0%
Teapoy
0%
Vermilion
0%
Wizard
0%

Score Distribution

Percentile by Number Answered

Percent of People with Each Score

Your Score History

You have not taken this quiz